Inovačná politika SR v kontexte stratégie Európa 2020

Vývoj vedy, výskumu a inovačnej politiky SR v kontexte politicko-ekonomických zmien. Inovačná politika SR v období 2007 - 2013. Výsledky SWOT analýzy a z toho vyplývajúce ciele v programovom období 2007 - 2013. Strategický cieľ inovačnej stratégie SR do roku 2020.

Saved in:
Bibliographic Details
Main Author: Hlavatý, Ivan, 1978-
Format: Book Chapter
Language:Slovak
Subjects:
Tags: Add Tag
No Tags, Be the first to tag this record!

MARC

LEADER 00000nla a2200000 4500
001 0175072
005 20240502073002.8
041 0 |a slo 
044 |a SK 
245 1 0 |a Inovačná politika SR v kontexte stratégie Európa 2020  |c Ivan Hlavatý 
520 |a Vývoj vedy, výskumu a inovačnej politiky SR v kontexte politicko-ekonomických zmien. Inovačná politika SR v období 2007 - 2013. Výsledky SWOT analýzy a z toho vyplývajúce ciele v programovom období 2007 - 2013. Strategický cieľ inovačnej stratégie SR do roku 2020. 
610 2 0 |a inovácia 
610 2 0 |a politika 
610 2 0 |a stratégia inovačná 
610 2 0 |a politika inovačná 
610 2 0 |a Slovensko 
610 2 0 |a programy 
610 2 0 |a Európska únia 
610 2 0 |a výdavky 
610 2 0 |a výskum 
610 2 0 |a vývoj 
100 1 |a Hlavatý, Ivan, 1978-